000 00724 a2200217 4500
999 _c7971
_d7971
020 _a0801313988
020 _a0801310636
050 0 0 _aLB1051 DEM 1994
100 1 _aDembo, Myron H.
_eauthor
245 1 0 _aApplying educational psychology /
_cMyron H. Dembo.
250 _a5th ed.
264 _aNew York :
_bLongman,
_c1994.
300 _a1 v. (various pagings) :
_bill. (some col.) ;
500 _aIncludes index
504 _aIncludes bibliographical references
650 0 _aEducational psychology.
650 0 _aLearning, Psychology of.
650 0 _aClassroom management.
942 _2lcc
_cBK
_h1051
_iDEM
_kLB